First/Last Country/Capital by alphabetical order from A to Z - Statistics

General Stats
  • This quiz has been taken 217 times
  • The average score is 53 of 89
Answer Stats
Country/Capital % Correct
Zimbabwe
92%
Qatar
91%
Zambia
91%
Afghanistan
90%
Oman
90%
Yemen
88%
Azerbaijan
86%
Uzbekistan
81%
Vanuatu
81%
France
78%
Vietnam
78%
Italy
76%
Jamaica
76%
Jordan
76%
Rwanda
76%
Haiti
75%
Laos
75%
East Timor
74%
Czech Republic
73%
Gabon
73%
Iceland
73%
Kazakhstan
73%
Kyrgyzstan
73%
Pakistan
73%
Uganda
73%
Bahamas
71%
Ethiopia
71%
Hungary
71%
Quito
71%
Cambodia
69%
Burundi
68%
Syria
68%
Zagreb
68%
Namibia
67%
Guyana
66%
Luxembourg
66%
Luxembourg
66%
Democratic Republic of the Congo
65%
Oslo
65%
Tuvalu
64%
Federated States of Micronesia
63%
Norway
63%
Portugal
63%
Ulaanbaatar
63%
Republic of the Congo
62%
Abu Dhabi
60%
Islamabad
60%
Dominican Republic
58%
Macedonia
58%
Warsaw
58%
Taiwan
56%
Yerevan
56%
Saint Kitts and Nevis
55%
Funafuti
54%
Jakarta
54%
Cairo
53%
Windhoek
53%
Dakar
50%
Vaduz
50%
Athens
49%
Mozambique
49%
Ouagadougou
48%
Baghdad
47%
Bujumbura
47%
Freetown
47%
Rabat
47%
Tunis
47%
Juba
46%
Kuwait City
46%
Dushanbe
45%
Hanoi
45%
Kabul
45%
Taipei
45%
Guatemala City
44%
Madrid
43%
Yamoussoukro
43%
Vilnius
42%
Pyongyang
41%
Honiara
40%
Nuku'alofa
39%
Palikir
39%
Gaborone
37%
Muscat
37%
Nairobi
35%
Roseau
34%
Suva
32%
Saint George's
29%
Copenhagen
28%
Libreville
23%
No matching quizzes found
Score Distribution
Percent of People with Each Score
Percentile by Number Answered
Your Score History
You have not taken this quiz